Normal view
MARC view
- Musharraf Wajahat (00000117514)
Entry Personal Name
001 - CONTROL NUMBER
- control field: 116393
003 - CONTROL NUMBER IDENTIFIER
- control field: NUST
005 - DATE AND TIME OF LATEST TRANSACTION
- control field: 20230912165940.0
008 - FIXED-LENGTH DATA ELEMENTS
- fixed length control field: 230912|| aca||aabn | a|a d
040 ## - CATALOGING SOURCE
- Original cataloging agency: NUST
- Transcribing agency: NUST
100 ## - HEADING--PERSONAL NAME
- Personal name: Musharraf Wajahat (00000117514)
670 ## - SOURCE DATA FOUND
- Source citation: Work cat.: (NUST): Musharraf Wajahat (00000117514), Impact of increased PV pentration on low voltage CIGRE network mitigation techniques and worst day estimation algorithm /, 2018
